000 00671nam a2200217 a 4500
999 _c3291
_d3291
001 3291
003 BD-JhCC
005 20171112202516.0
008 171108s bg |||| ||a| 000 0 ben d
035 _a(BD-JhCC)
040 _aBD-JhCC
_dBD-JhCC
041 _aben
082 _a891.443
_bCHA
100 _aচট্টোপাধ্যায়, শরৎচন্দ্র
245 _aএকাদশী বৈরাগী /
_cশরৎচন্দ্র চট্টোপাধ্যায়
260 _aঢাকা :
_bসাহিত্য বিকাশ ;
300 _a79 p. :
_c21 cm.
650 _aBengali Novel
942 _2ddc
_cBK